Town of Salem Trivia! - Statistics

General Stats
  • This quiz has been taken 133 times
  • The average score is 52 of 62
Answer Stats
Question Tile Select % Correct
Which of the following roles have defense? (without using an ability) Amnesiac No
99%
Which of the following roles have defense? (without using an ability) Jester No
99%
Which of the following roles have defense? (without using an ability) Mafioso No
99%
Which of the following roles have defense? (without using an ability) Jailor No
98%
Which of the following roles have defense? (without using an ability) Mayor No
98%
Which of the following roles have defense? (without using an ability) Vampire Hunter No
97%
Which of the following roles have defense? (without using an ability) Ambusher No
96%
Which of the following roles have defense? (without using an ability) Trapper No
96%
Which of the following roles have defense? (without using an ability) Vampire No
96%
Which of the following roles have defense? (without using an ability) Guardian Angel No
95%
Which of the following roles have defense? (without using an ability) Hex Master No
95%
Which of the following roles have defense? (without using an ability) Medusa No
95%
Which of the following roles are unique? Medium No
94%
Which of the following roles have defense? (without using an ability) Pirate No
94%
Which of the following roles are unique? Trapper No
94%
Which of the following roles are unique? Vampire No
94%
Which of the following roles have defense? (without using an ability) Serial Killer Yes
93%
Which of the following roles have defense? (without using an ability) Veteran No
93%
Which of the following roles have defense? (without using an ability) Arsonist Yes
92%
Which of the following roles have defense? (without using an ability) Executioner Yes
92%
Which of the following roles are unique? Jester No
92%
Which of the following roles have defense? (without using an ability) Survivor No
92%
Which of the following roles are unique? Transporter No
92%
Which of the following roles are unique? Vigilante No
92%
Which of the following roles have defense? (without using an ability) Werewolf Yes
92%
Which of the following roles are unique? Arsonist No
91%
Which of the following roles are unique? Psychic No
91%
Which of the following roles are unique? Serial Killer No
91%
Which of the following roles have defense? (without using an ability) Godfather Yes
90%
Which of the following roles are unique? Executioner No
89%
Which of the following categories of roles contain 5 or more roles in that category Mafia Killing No
89%
Which of the following roles have defense? (without using an ability) Pestilence Yes
89%
Which of the following categories of roles contain 5 or more roles in that category Town Killing No
89%
Which of the following categories of roles contain 5 or more roles in that category Neutral Benign No
88%
Which of the following roles are unique? Jailor Yes
87%
Which of the following roles are unique? Blackmailer No
86%
Which of the following roles are unique? Mayor Yes
86%
Which of the following categories of roles contain 5 or more roles in that category Coven Yes
82%
Which of the following roles are unique? Juggernaut Yes
82%
Which of the following roles are unique? Plaguebearer Yes
82%
Which of the following roles are unique? Vampire Hunter No
81%
Which of the following roles are unique? Witch No
81%
Which of the following categories of roles contain 5 or more roles in that category Neutral Chaos No
79%
Which of the following categories of roles contain 5 or more roles in that category Neutral Evil No
79%
Which of the following roles have defense? (without using an ability) Juggernaut Yes
77%
Which of the following roles are unique? Medusa Yes
77%
Which of the following roles are unique? Retributionist Yes
75%
Which of the following categories of roles contain 5 or more roles in that category Town Protective No
75%
Which of the following roles are unique? Pirate Yes
73%
Which of the following roles have defense? (without using an ability) Plaguebearer Yes
73%
Which of the following roles are unique? Potion Master Yes
73%
Which of the following categories of roles contain 5 or more roles in that category Town Investigative Yes
73%
Which of the following roles are unique? Necromancer Yes
71%
Which of the following categories of roles contain 5 or more roles in that category Neutral Killing No
71%
Which of the following roles are unique? Werewolf Yes
70%
Which of the following categories of roles contain 5 or more roles in that category Mafia Support No
68%
Which of the following categories of roles contain 5 or more roles in that category Town Support Yes
65%
Which of the following roles have defense? (without using an ability) Coven Leader No
52%
Which of the following roles are unique? Mafioso Yes
49%
Which of the following roles are unique? Ambusher Yes
47%
Which of the following roles have defense? (without using an ability) Witch No
42%
Which of the following categories of roles contain 5 or more roles in that category Mafia Deception Yes
38%
No matching quizzes found
Score Distribution
Percent of People with Each Score
Percentile by Number Answered
Your Score History
You have not taken this quiz